| 000 | 01192nam a22002537a 4500 | ||
|---|---|---|---|
| 005 | 20101202145340.0 | ||
| 008 | 090224t xxu||||| |||| 00| 0 hin d | ||
| 010 | _aHIN-91169 | ||
| 020 |
_c350.00 _a9788190644976 |
||
| 035 | _aHN-63515 | ||
| 037 | _bDBAD / PUB | ||
| 040 |
_aDPL _bHN |
||
| 082 | _a230.31 | ||
| 100 |
_aशर्मा, ललित शंकर _924550 |
||
| 245 |
_aशुद्धाद्धैत दर्शन एवं संस्कृति प्रबोधन / _cललित शंकर शर्मा |
||
| 246 |
_aShudhadwet darshan evm sanskriti parbodhan _bby lalit shankar sharma |
||
| 260 |
_aदिल्ली _bआर्यावर्त संस्कृति संस्थान _c2009 |
||
| 270 |
_aबी-216, चन्दू नगर, करावल नगर रोड _bदिल्ली _e110094 |
||
| 300 |
_a256पृ. _c22सेमी. (सजिल्द) |
||
| 650 | _9697 | ||
| 700 | _924551 | ||
| 942 |
_2ddc _cHN _mशर्माल _h230.31 |
||
| 999 |
_c48958 _d48958 |
||